000 00582nam a2200241Ia 4500
003 OSt
005 20220924145657.0
006 a|||||r|||| 00| 0
007 ta
008 220923b |||||||| |||| 00| 0 tel d
020 _c63
024 _a329787
037 _cTextual
040 _aARTS
_cARTS
_btel
041 _2tel
_atel
082 _aO15,1A1, 35N1
100 _aRao H.P.
_9220311
245 0 _aAnudina ramayanam
260 _c1991
650 _aSANSKRIT LITERATURE
942 _hO15,1A1, 35N1
_cTEXL
_2CC
999 _c460821
_d460821